[Event "ROM-chT2"]
[Site "Sovata"]
[Date "1997.??.??"]
[Round "7"]
[White "Abibula, Aytechin"]
[Black "Anitoaie, Dumitru"]
[Result "1/2-1/2"]
[WhiteElo "2305"]
[BlackElo "2350"]
[PlyCount "31"]
[EventDate "1997.10.??"]
[EventType "team-tourn"]
[EventRounds "7"]
[EventCountry "ROU"]
[SourceTitle "EXT 2000"]
[Source "ChessBase"]
[SourceDate "1999.11.16"]
[SourceVersion "1"]
[SourceVersionDate "1999.11.16"]
[SourceQuality "1"]

1. d4 d5 2. Nf3 Nf6 3. c4 e6 4. g3 dxc4 5. Bg2 Nbd7 6. Nbd2 Nb6 7. Nxc4 Nxc4 8. Qa4+ Bd7 9. Qxc4 Bc6 10. 0-0 Be7 11. Bg5 0-0 12. Bxf6 Bxf6 13. e3 Qd5 14. Qxd5 Bxd5 15. Rfc1 Rac8 16. Rc3 1/2-1/2

[Event "ROM-chT"]
[Site "Romania"]
[Date "1992.??.??"]
[Round "?"]
[White "Abibula, Aytechin"]
[Black "Vasilescu, Lucian Mihail"]
[Result "0-1"]
[WhiteElo "2350"]
[BlackElo "2385"]
[PlyCount "52"]
[EventDate "1992.??.??"]
[EventType "team"]
[EventRounds "9"]
[EventCountry "ROU"]
[SourceTitle "EXT 1997"]
[Source "ChessBase"]
[SourceDate "1996.11.15"]
[SourceVersion "1"]
[SourceVersionDate "1996.11.15"]
[SourceQuality "1"]

1. d4 Nf6 2. c4 e6 3. Nf3 d5 4. g3 dxc4 5. Qa4+ Nc6 6. Bg2 Bb4+ 7. Bd2 Nd5 8. Bxb4 Ndxb4 9. Ne5 Bd7 10. Nxd7 Qxd7 11. a3 Nd5 12. Qxc4 Nb6 13. Qc3 0-0-0 14. Bxc6 bxc6 15. e3 e5 16. 0-0 exd4 17. exd4 h5 18. Rc1 Rh6 19. h4 Qxd4 20. Qxd4 Rxd4 21. Nc3 Nd5 22. Rc2 Nxc3 23. Rxc3 Rd2 24. Rf3 Rxb2 25. Rxf7 Rf6 26. Rxf6 gxf6 0-1